Veinte matemáticos célebres : biografías /

Guardado en:
Autor Principal: Vera, Francisco, 1888-1967.
Formato: Libro
Idioma:Spanish
Publicado: [Buenos Aires] : Compañía General Fabril Editora, c1961.
Series:Los libros del mirasol
Etiquetas: Agregar Etiqueta
Sin Etiquetas, Sea el primero en etiquetar este registro!
LEADER 00495nam a22001455a 4500
001 MAT.inmabb002267
008 040304s1961####ag############001#0cspa#d
005 20130213155303.0
245 1 0 |a Veinte matemáticos célebres :  |b biografías /  |c Francisco Vera. 
260 |a [Buenos Aires] :  |b Compañía General Fabril Editora,  |c c1961. 
300 |a 151 p. ;  |c 17 cm. 
440 4 |a Los libros del mirasol 
100 1 |a Vera, Francisco,  |d 1888-1967. 
084 |a 01A70  |2 msc2000 
859 |h 01A70  |i V473  |p A-8078  |b BIB. MATEMATICA